| 000 | 01239nkm a2200265 i 4500 | ||
|---|---|---|---|
| 001 | 4374 | ||
| 003 | ES-MaACL | ||
| 005 | 20250713063028.0 | ||
| 007 | khrbo | ||
| 008 | 070710s1988 sp --- g |001||spa d | ||
| 100 | 0 |
_aAlfonso, _d1902-1990 _919858 |
|
| 245 | 1 | 3 |
_aEl farmacéutico y el control de la salud [ _hFotografía] / _cAlfonso (sello). |
| 260 |
_a[S.l. : _bs.n.], _c1988. |
||
| 300 |
_a2 fot. : _bb. y n. ; _c12 x 18 cm. |
||
| 500 | _aDatos basados en invitación. | ||
| 511 | 0 | _aInterviene: Francisco Ferrándiz. | |
| 518 | _aActo organizado por la Sección de Farmacia del Ateneo de Madrid en colaboración con la Asociación Nacional de Especialidades Farmacéuticas Publicitarias (ANEFP), celebrado en el salón de actos el lunes, 20 de junio de 1988, a las 20:00 h. | ||
| 600 | 1 | 4 |
_aFerrándiz García, Francisco. _950274 |
| 610 | 2 | 4 |
_aAteneo de Madrid- _xActos culturales- _y1988- _vFotografías. _91903 |
| 710 | 2 |
_aAteneo de Madrid. _bSección de Farmacia. _91991 |
|
| 710 | 2 |
_aAsociación Nacional de Especialidades Farmacéuticas Publicitarias. _91756 |
|
| 852 |
_aES-MaACL _jFOT 188/1988 |
||
| 856 | 4 |
_uhttp://www.ateneodemadrid.net/biblioteca_digital/imagenes/1988/0188-1988.jpg _zVer imagen |
|
| 999 |
_c4374 _d4374 |
||